Perspectives on your child's education (Record no. 11022)

MARC details
000 -LEADER
fixed length control field 00594nam a2200229 a 4500
001 - CONTROL NUMBER
control field 0001-1022
003 - CONTROL NUMBER IDENTIFIER
control field ELIB.Books
008 - FIXED-LENGTH DATA ELEMENTS--GENERAL INFORMATION
fixed length control field 141029 2010 eng
020 ## - INTERNATIONAL STANDARD BOOK NUMBER
International Standard Book Number 97808054458443
035 ## - SYSTEM CONTROL NUMBER
System control number (ELIB.Books)0001-1176
092 ## - LOCALLY ASSIGNED DEWEY CALL NUMBER (OCLC)
Classification number 268.432
Item number Eck
100 ## - MAIN ENTRY--PERSONAL NAME
Personal name Eckel, Mark
245 ## - TITLE STATEMENT
Title Perspectives on your child's education
260 ## - PUBLICATION, DISTRIBUTION, ETC. (IMPRINT)
Place of publication, distribution, etc. Nashville:
Name of publisher, distributor, etc. B & H Academic
Date of publication, distribution, etc. 2009
300 ## - PHYSICAL DESCRIPTION
Extent 129
Dimensions 21.5 Cm
650 ## - SUBJECT ADDED ENTRY--TOPICAL TERM
Topical term or geographic name as entry element Chrsitian Education
856 ## - ELECTRONIC LOCATION AND ACCESS
Name of location of host KBTS; Library
Uniform Resource Identifier <a href="KBTS; Elib.">KBTS; Elib.</a>
942 ## - ADDED ENTRY ELEMENTS (KOHA)
Source of classification or shelving scheme Dewey Decimal Classification
Koha item type Books
990 ## - EQUIVALENCES OR CROSS-REFERENCES [LOCAL, CANADA]
Link information for 9XX fields 1
998 ## - LOCAL CONTROL INFORMATION (RLIN)
Cataloger's initials, CIN (RLIN) bat
-- 2014-10-29
Holdings
Withdrawn status Lost status Source of classification or shelving scheme Damaged status Not for loan Home library Current library Date acquired Total Checkouts Barcode Date last seen Bill Date Koha item type
    Dewey Decimal Classification     Karen Baptist Theological Seminary Library Karen Baptist Theological Seminary Library 29/10/2014   13031 22/01/2022 22/01/2022 Books
Implemented & Customized by: BestBookBuddies

Powered by Koha